|
|
|
|
| LEADER |
00000cam a2200000 7i4500 |
| 001 |
0000023880 |
| 005 |
20111111.0 |
| 008 |
111111s enka eng |
| 020 |
|
|
|a 9780273713630 ,
|c RM264.00
|
| 040 |
|
|
|a INS
|
| 090 |
0 |
0 |
|a HG4011.
|b V36 2009
|
| 100 |
1 |
|
|a Van Horne, James C.
|
| 245 |
1 |
0 |
|a Fundamentals of financial management
|c James C. Van Horne, John M.Wachowicz
|
| 250 |
|
|
|a 13th ed.
|
| 260 |
|
|
|a Horlow :
|b Prentice Hall ,
|c 2009
|
| 300 |
|
|
|a xxiii, 719p. :
|b ill. ;
|c 26cm.
|
| 500 |
|
|
|a Includes index
|
| 650 |
0 |
0 |
|a Corporations
|x Finance
|
| 700 |
1 |
|
|a Wachowicz, John M
|
| 999 |
|
|
|a 1000000431
|b BOOK
|c Open Shelf
|e Default branch
|